Sự chuyển biến kinh tế - xã hội tỉnh Bình Dương 1945 - 2007

Trình bày sự chuyển biến về kinh tế xã hội tỉnh Bình Dương theo từng thời kỳ trong giai đoạn 1945 - 2007 trên 2 lĩnh vực chính: kinh tế và xã hội phân tích và tìm ra những nguyên nhân chủ yếu tạo nên sự chuyển biến kinh tế - xã hội của tỉ...

Disgrifiad llawn

Wedi'i Gadw mewn:
Manylion Llyfryddiaeth
Prif Awdur: Nguyễn, Văn Hiệp
Fformat: Llyfr
Iaith:Undetermined
Cyhoeddwyd: H. Chính trị quốc gia 2011
Pynciau:
Mynediad Ar-lein:http://lrc.tdmu.edu.vn/opac/search/detail.asp?aID=2&ID=14111
Tagiau: Ychwanegu Tag
Dim Tagiau, Byddwch y cyntaf i dagio'r cofnod hwn!
Thư viện lưu trữ: Trung tâm Học liệu Trường Đại học Thủ Dầu Một
LEADER 01213nam a2200205Ia 4500
001 TDMU_14111
008 210410s9999 xx 000 0 und d
082 |a 330.9 59774 
090 |b NG527 
100 |a Nguyễn, Văn Hiệp 
245 0 |a Sự chuyển biến kinh tế - xã hội tỉnh Bình Dương 1945 - 2007 
245 0 |c TS. Nguyễn Văn Hiệp 
260 |a H. 
260 |b Chính trị quốc gia 
260 |c 2011 
300 |a 456tr. 
520 |a Trình bày sự chuyển biến về kinh tế xã hội tỉnh Bình Dương theo từng thời kỳ trong giai đoạn 1945 - 2007 trên 2 lĩnh vực chính: kinh tế và xã hội phân tích và tìm ra những nguyên nhân chủ yếu tạo nên sự chuyển biến kinh tế - xã hội của tỉnh và tìm ra những tồn tại và hạn chế cần khắc phục để phát triển toàn diện và bề vững hơn 
650 |a Kinh tế - xã hội  |z Bình Dương 
856 |u http://lrc.tdmu.edu.vn/opac/search/detail.asp?aID=2&ID=14111 
980 |a Trung tâm Học liệu Trường Đại học Thủ Dầu Một